El diagnóstico social: proceso de conocimiento e intervención profesional

محفوظ في:
التفاصيل البيبلوغرافية
المؤلفون الرئيسيون: Escalada, Mercedes (مؤلف), Fernández Soto, Silvia (مؤلف), Fuentes, María Pilar (مؤلف), Koumrouyan, Elza (مؤلف), Travi, Bibiana (مؤلف)
مؤلفون آخرون: Martinelli, Maria Lúcia (autora)
التنسيق: كتاب
اللغة:الإسبانية
منشور في: Buenos Aires Espacio 2001
الطبعة:1a. ed
سلاسل:Ciencias Sociales. Novedades
الموضوعات:
الوسوم: إضافة وسم
لا توجد وسوم, كن أول من يضع وسما على هذه التسجيلة!

MARC

LEADER 00000nam a2200000 a 4500
001 UCK5324
003 CL-VaPUC
008 050722e20010000AG |||||||||||||||||spa|d
020 |a 9508021330 
082 0 4 |a 361.3  |b ESC  |2 21 
100 0 |a Escalada, Mercedes  |e author  |9 494043 
700 0 |a Fernández Soto, Silvia  |e author  |9 494044 
700 0 |a Fuentes, María Pilar  |e author  |9 494045 
700 0 |a Koumrouyan, Elza  |e author  |9 494046 
700 |a Martinelli, Maria Lúcia  |e autora  |9 459158 
700 0 |a Travi, Bibiana  |e author  |9 494048 
245 1 3 |a El diagnóstico social: proceso de conocimiento e intervención profesional 
250 |a 1a. ed 
300 |a 159 p 
942 |c BK 
945 |d 20050722 00:00:00  |a cmena 
260 |a Buenos Aires  |b Espacio  |c 2001 
650 0 |a Trabajo social   |9 307856 
650 0 |a Problemas sociales  |9 258537 
650 0 |a Acción social  |9 307836 
583 |a last modification  |c 20050722 00:00:00  |k Rodrigo Vera 
490 0 |a Ciencias Sociales. Novedades 
999 |c 313902  |d 313900 
952 |0 0  |1 0  |4 0  |6 361_300000000000000_ESC_2001  |7 0  |8 A  |9 385693  |a BIBGIM  |b BIBGIM  |d 2019-11-22  |i 414788K  |o 361.3 ESC 2001  |p 414788K  |r 2025-01-15  |w 2019-11-22  |y BK  |k SSL